Reordenación administrativa de comunidades rurales : la comarcalización de municipios / Luis Amat Escandell la comarcalización de municipios / Luis Amat Escandell
Descripción Física:
142 p. ; 21 cm
Otros Autores:
Caja de Ahorros y Monte de Piedad de Valencia
MARC
| LEADER | 00000nam a2200000Ia 4500 | ||
|---|---|---|---|
| 001 | 14184 | ||
| 008 | 160829s9999 xx 000 0 cat d | ||
| 080 | |a M-4-158 | ||
| 100 | |a Amat Escandell, Luis |9 23659 | ||
| 245 | |a Reordenación administrativa de comunidades rurales : |b la comarcalización de municipios / Luis Amat Escandell | ||
| 260 | |a [Valencia] : |b Caja de Ahorros y Monte de Piedad de Valencia, DL 1971 | ||
| 300 | |a 142 p. ; |c 21 cm | ||
| 590 | |a Premi Giménez Valdivieso 1969-1970. | ||
| 590 | |a Notes, referències bibliogràfiques, bibliografia | ||
| 650 | 0 | |a Administració local |9 34286 | |
| 650 | 0 | |a Municipis |9 23660 | |
| 700 | |a Caja de Ahorros y Monte de Piedad de Valencia |9 23661 | ||
| 901 | |a Arxiu | ||
| 942 | |n 1 | ||
| 952 | |0 0 |1 0 |4 0 |6 M4158 |7 1 |9 42799 |a Arxiu |b Arxiu |d 2016-12-01 |l 0 |o M-4-158 |p 14184 |r 2016-12-01 00:00:00 |w 2016-12-01 |y ARXIU | ||
| 999 | |c 45305 |d 45305 | ||